منتخب ا لتز کر ہ (Record no. 172466)

MARC details
000 -LEADER
fixed length control field 00669nam a22001937a 4500
005 - DATE AND TIME OF LATEST TRANSACTION
control field 20200205162615.0
010 ## - LCCN (DPL NO)
LC control number A-441512
020 ## - INTERNATIONAL STANDARD BOOK NUMBER
Terms of availability 40.00
International Standard Book Number -
035 ## - SYSTEM CONTROL NUMBER
System control number A-441512
037 ## - SOURCE OF ACQUISITION
Source of stock number/acquisition DBAD/PUB
Stock number -
082 ## - DEWEY DECIMAL CLASSIFICATION NUMBER
Classification number 848
100 ## - MAIN ENTRY--PERSONAL NAME
Personal name مو لفہ:جنمے جۓ متر ا ر ما ن
245 ## - TITLE STATEMENT
Title منتخب ا لتز کر ہ
Statement of responsibility, etc مو لفہ:جنمے جۓ متر ا ر ما ن
246 ## - VARYING FORM OF TITLE
Remainder of title Muntakhib Altazkara (Urdu)
Title proper/short title Comp.by Janme Jiye Mitr Arman
260 ## - PUBLICATION, DISTRIBUTION, ETC. (IMPRINT)
Place of publication, distribution, etc Calcutta
Name of publisher, distributor, etc Rais Anwar
Date of publication, distribution, etc 1989 ء
270 ## - ADDRESS
Address Usmania Book Depot,125 ,Rabinder Asrani ,
City Calcutta
Postal code 700073
Telephone number -
Fax number -
300 ## - PHYSICAL DESCRIPTION
Extent 256 ص
Dimensions 22 Cm(Hb)
942 ## - ADDED ENTRY ELEMENTS (KOHA)
Source of classification or shelving scheme Dewey Decimal Classification
Item type Urdu Bks
Classification part 848
Call number suffix ج ن م
Holdings
Withdrawn status Lost status Not for loan Collection code Home library Current library Date acquired Source of acquisition Cost, normal purchase price Full call number Barcode Copy number Cost, replacement price Koha item type
      Non-fiction Central Library Central Library 05/02/2020 BPPD/Ven. 40.00 848 ج ن م A-441512 1 40.00 Urdu Bks

© Delhi Public Library
Hit Counter
free hit counter